000 00681nam a2200193 4500
001 132112
003 ES-MaACL
005 20250727091311.0
007 t|
008 070214s1944 sp r ||||1| spa d
100 1 _aRodríguez Sastre, Antonio.
_998816
245 1 0 _aOperaciones de Bolsa
_b: doctrina, legislación y jurisprudencia española /
_cAntonio Rodríguez Sastre.
260 _aMadrid :
_bRevista de Derecho Privado,
_c1944.
300 _aXIX, 590 p. ;
_c24 cm.
490 1 _aMonografías prácticas de Derecho español
830 0 0 _aMonografías prácticas de derecho español
_9181279
852 _aES-MaACL
_jE-1007
_bR.20550
999 _c132112
_d132112